| 000 | 00406nam a22001697a 4500 | ||
|---|---|---|---|
| 003 | CEME | ||
| 005 | 20210628203842.0 | ||
| 008 | 210309b xxu||||| |||| 00| 0 eng d | ||
| 020 | _a0-7506-11472 | ||
| 040 | _c. | ||
| 082 | _a621.312133 MAH'D | ||
| 100 |
_aMahon, L.L.J _967574 |
||
| 245 | _aDiesel generator handbook | ||
| 260 |
_aLONDON _bBUTTERWORTH _c1992 |
||
| 300 | _aVII, 646P | ||
| 942 |
_cBK _2ddc |
||
| 999 |
_c575317 _d575317 |
||